|
|
|
|
| LEADER |
01773nam a2200325 a 4500 |
| 001 |
15365009 |
| 008 |
100314s2008 enk b 001 0 eng d |
| 010 |
|
|
|a 2008029992
|
| 020 |
|
|
|a 9780754645887 (hardcover : alk. paper)
|
| 020 |
|
|
|a 0754645886 (hardcover : alk. paper)
|
| 040 |
|
|
|a DLC
|c DLC
|d UKM
|d YDXCP
|d BTCTA
|d BAKER
|d BWKUK
|d BWK
|d BWX
|d DLC
|d DB-DhAAL
|
| 082 |
0 |
0 |
|a 658.4/08095492
|2 22
|
| 100 |
1 |
|
|a Belal, Ataur Rahman.
|
| 245 |
1 |
0 |
|a Corporate social responsibility reporting in developing countries :
|b the case of Bangladesh /
|c Ataur Rahman Belal.
|
| 260 |
|
|
|a Aldershot, Hampshire, England ;
|a Burlington, VT :
|b Ashgate,
|c c2008.
|
| 300 |
|
|
|a 170 p. ;
|c 25 cm.
|
| 490 |
0 |
|
|a Corporate social responsibility series
|
| 504 |
|
|
|a Includes bibliographical references (p. [145]-156) and index.
|
| 541 |
1 |
|
|e 00019973
|
| 650 |
|
0 |
|a Social responsibility of business
|z Developing countries.
|
| 650 |
|
0 |
|a Social accounting
|z Developing countries.
|
| 650 |
|
0 |
|a Business enterprises
|z Developing countries.
|
| 650 |
|
0 |
|a Social responsibility of business
|z Bangladesh.
|
| 650 |
|
0 |
|a Social accounting
|z Bangladesh.
|
| 650 |
|
0 |
|a Business enterprises
|z Bangladesh.
|
| 852 |
4 |
|
|a Ayesha Abed Library
|j General Shelf.
|
| 999 |
|
|
|c 7791
|d 7791
|
| 952 |
|
|
|0 0
|1 0
|2 ddc
|4 0
|6 658_408095492000000_BEL_2008
|7 0
|9 8625
|a BRACUL
|b BRACUL
|c GEN
|d 2010-03-16
|l 3
|m 15
|o 658.408095492 BEL
|p 3010019973
|r 2016-01-17
|s 2013-01-02
|t 1
|w 2010-03-16
|y BK
|
| 952 |
|
|
|0 0
|1 0
|2 ddc
|4 0
|6 658_408095492000000_BEL_2008
|7 0
|9 8626
|a BRACUL
|b BRACUL
|c GEN
|d 2010-03-16
|l 1
|m 5
|o 658.408095492 BEL
|p 3010019974
|r 2012-04-09
|s 2012-03-21
|t 2
|w 2010-03-16
|y BK
|
| 952 |
|
|
|0 0
|1 0
|2 ddc
|4 0
|6 658_408095492000000_BEL_2008
|7 0
|9 8627
|a BRACUL
|b BRACUL
|c GEN
|d 2010-03-16
|l 3
|m 13
|o 658.408095492 BEL
|p 3010019975
|r 2022-03-31
|s 2019-09-26
|t 3
|w 2010-03-16
|y BK
|